| 000 | 00585nam a2200181Ia 4500 | ||
|---|---|---|---|
| 008 | 090123s9999 xx 000 0 und d | ||
| 082 | _b15520 | ||
| 100 | _aखांडेकर वि.स. | ||
| 245 | _aनिवडक कोल्हटकर | ||
| 250 | _a1 | ||
| 260 | _bमहाराष्ट्र विद्यापीठ | ||
| 300 | _a191 | ||
| 600 | _aखांडेकर वि.स. | ||
| 630 | _aनिवडक कोल्हटकर | ||
| 700 | _aखांडेकर वि.स. | ||
| 730 | _aनिवडक कोल्हटकर | ||
| 942 | _cBOOK | ||
| 999 |
_c53581 _d53581 |
||